Statystyki dla Najczęściej wybierane sklepy w Polsce

Kliknij tutaj aby rozwiązać quiz!

Ogólne statystyki

  • Ten quiz został rozwiązany 1 065 razy
  • Średni wynik to 9 z 15

Statystyki odpowiedzi

Miejsce%Sklep% Poprawnych
2.27,7Biedronka
97%
1.33,49Lidl
97%
14.0,8Żabka
83%
11.1,08Dino
73%
3.5,27Auchan
70%
4.
5,13
Kaufland
70%
5.2,83Carrefour
66%
8.1,68Netto
60%
9.1,23Aldi
58%
12.1,08Lewiatan
54%
13.0,84Stokrotka
48%
15.0,73Piotr i Paweł
42%
6.2,20Pepco
31%
7.1,76Makro
23%
10.1,19E'clerec
3%

Rozkład punktacji

Percentyl według liczby udzielonych odpowiedzi

Procent ludzi z każdym wynikiem

Twoja historia wyników

Nie rozwiązałeś tego quizu